[Event "Romanian-ch Open 2022"]
[Site "Eforie Nord"]
[Date "2022.02.27"]
[Round "9.7"]
[White "Manolache, Marius"]
[Black "Vajda, Albert"]
[Result "1-0"]
[WhiteElo "2485"]
[BlackElo "2351"]
[Annotator "TA"]
[PlyCount "73"]
[EventDate "2022.02.20"]
[EventType "swiss"]
[EventCountry "ROU"]
[SourceTitle "playchess.com"]
[Source "ChessBase"]
[SourceQuality "1"]

{[%evp 13,73,57,60,32,67,52,64,18,10,19,19,12,20,13,28,20,29,16,27,25,58,25,35,41,43,46,53,50,51,45,41,50,43,39,38,47,40,28,32,35,35,17,36,36,49,30,118,102,126,126,127,92,118,118,212,206,764,881,654,654,5832,654]} 1. d4 Nf6 2. c4 c6 3. Nf3 g6 4. Nc3 Bg7 5. e4 O-O 6. Be2 d6 7. O-O Na6 {7...e5 is setting a new trend.} 8. Bf4 {E91: King's Indian: Classical: 6 Be2, unusual replies including 6...c5 and 6...Bg4.} Nh5 9. Be3 e5 10. dxe5 (10. Qd2 $14) 10... dxe5 $11 11. Qxd8 Rxd8 12. Rfd1 Re8 13. c5 {[#]} Bf8 $146 ({Predecessor:} 13... Nc7 14. Nd2 Nf4 15. Bf1 Nfe6 16. Nc4 Nd4 17. Rac1 Be6 18. Nxe5 Nb3 19. axb3 Bxe5 {½-½ (37) Bonte,A (2329)-Manolache,M (2533) Satu Mare 2011}) 14. Bxa6 bxa6 15. Nd2 {[%cal Bf3d2,Bd2b3,Bb3a5,Ba5c6,Bc6e5,Be5d3,Bd3f4][%mdl 32]} Be6 {Prevents Nc4.} 16. Nb3 Nf6 17. f3 {Inhibits Ng4.} Rab8 18. Na5 Rxb2 19. Nxc6 {Pair of Knights!} Rc2 20. Rac1 (20. Rdc1 {looks sharper.} Rxc1+ 21. Rxc1 Rc8 22. Nxe5 Bxc5 23. Bxc5 Rxc5 24. Nd3) 20... Rxc1 21. Rxc1 Rc8 22. Nxe5 Bxc5 23. Bxc5 Rxc5 24. Nd3 Ra5 25. Rc2 Nd7 26. Kf2 Nb6 27. h4 Nc4 28. Nf4 Na3 29. Rd2 Bc4 (29... Kf8 $1 $11) 30. Rd8+ $1 $16 Kg7 31. Rc8 $1 {White is more active.} Kf6 32. Nfd5+ Bxd5 33. Nxd5+ ({Much weaker is} 33. exd5 $6 Nb5 $11) 33... Kg7 {[#]} (33... Ke5 $16) 34. g4 $1 $18 {[%cal Bg2g4,Bg4g5][%mdl 32] Hoping for g5.} h6 {[#]} (34... f5 35. Rc7+ (35. gxf5 gxf5 36. Rc7+ Kh6 $16) 35... Kf8 36. Rxh7 (36. gxf5 gxf5 37. Rxh7 fxe4 $18) 36... fxe4) 35. g5 $1 {White is clearly winning.} hxg5 36. hxg5 {aiming for f4.} Nb1 37. Ke1 {Weighted Error Value: White=0.07 (flawless) /Black=0.18 (very precise)} (37. f4 $142 Nd2 38. Nf6 Nxe4+ 39. Nxe4) 1-0

[Event "Romanian-ch Open 2022"]
[Site "Eforie Nord"]
[Date "2022.02.27"]
[Round "9.9"]
[White "Antonica, Dragos-Andrei"]
[Black "Stoleriu, George"]
[Result "0-1"]
[WhiteElo "2350"]
[BlackElo "2419"]
[Annotator "TA"]
[PlyCount "89"]
[EventDate "2022.02.20"]
[EventType "swiss"]
[EventCountry "ROU"]
[SourceTitle "playchess.com"]
[Source "ChessBase"]
[SourceQuality "1"]

{[%evp 11,89,0,3,0,18,22,0,0,10,16,56,43,47,47,41,37,25,52,102,98,107,-26,-33,-35,0,-42,-30,-26,0,0,0,0,0,0,0,0,0,0,20,29,39,53,35,12,22,-26,-33,-152,-150,-229,-227,-209,-220,-195,-159,-175,-145,-271,-274,-250,-259,-225,-228,-380,-404,-650,-650,-641,-613,-670,-663,-736,-670,-1025,-1024,-1175,-1179,-1670,-1705,-835]} 1. c4 e5 2. Nc3 Nc6 3. g3 g6 4. Bg2 Bg7 5. e4 d6 6. Nge2 h5 7. h3 {A25: English Opening vs King's Indian with ...Nc6 but without early d3.} h4 8. g4 f5 9. gxf5 {The position is equal.} gxf5 10. Rg1 f4 11. d4 {[#]} Nf6 $146 ({Predecessor:} 11... Nge7 12. Bf3 Rg8 13. c5 Kf8 14. Bh5 Bh8 15. Qb3 Rxg1+ 16. Nxg1 d5 17. Nge2 exd4 18. Nxd5 Nxd5 19. Nxf4 {1-0 (32) Romanov,E (2624)-Andreikin,D (2696) Baku 2011}) 12. dxe5 dxe5 13. Nd5 Ne7 14. Bf3 Kf7 ({Better is} 14... Nexd5 $1 $14 15. cxd5 (15. Rxg7 Nb4 $15) 15... Bf8) 15. Qb3 $16 {[%cal Od5f4]} c6 {[#]} 16. Nxf6 ({White should play} 16. Ndxf4 $1 $16 {[%mdl 512]} exf4 17. c5+ Kf8 18. Nxf4) 16... Bxf6 $11 {The board is on fire.} 17. Bg4 Qb6 18. Bd2 (18. Qc3 $1 $11 {is superior.}) 18... Qxb3 $15 19. axb3 Ng6 {[%cal Be7g6,Bg6f8,Bf8e6,Be6c5,Bc5b7,Bb7c5][%mdl 32]} 20. Bxc8 Rhxc8 21. Rg4 Nf8 22. Ng1 Ne6 23. Nf3 Nc5 {[%csl LRb3,LRe4]} 24. Bc3 $1 (24. Ra5 b6 25. Ra1 Re8 $17) 24... Re8 ({Don't take} 24... Nxb3 25. Ra3 Nd4 26. Bxd4 exd4 27. Rb3 $16 (27. Rxf4 Ke6 $16)) 25. Nd2 $1 b5 {[%cal Bb7b5,Bb5b4][%mdl 32] And now ...b4! would win.} 26. Ke2 a6 {[%cal Ba7a6,Ba6a5][%mdl 32]} 27. Bb4 (27. b4 $5 {[%cal Rb4c5]} Na4 28. Nf3 $14) 27... Nb7 {Strongly threatening ...a5.} 28. Nf3 (28. Ba5 $142) 28... a5 $11 29. Be1 {[#] Black continues to play with concentration.} (29. Bc3 $15) 29... b4 $1 $17 30. Nxh4 (30. Rd1 $17) 30... Bxh4 $19 (30... Nc5 31. Nf5 Nxb3 32. Rb1 $17) 31. Rxh4 {[#] Rh7+ is the strong threat.} Nc5 $1 {[%csl LRb3,LRe4]} 32. Rh7+ Kg6 ({Inferior is} 32... Kg8 33. Rc7 $15) 33. Rc7 Nxb3 {Active counter play!} 34. Rd1 (34. Rxc6+ $17 {is the only way for White.} Kf7 35. Rc7+ Ke6 36. Rd1) 34... Nd4+ 35. Rxd4 exd4 36. Rxc6+ {[%mdl 4096] Endgame KRR-KRB} Kf7 37. Kd3 (37. Bd2) 37... Rh8 38. Kxd4 (38. Rc7+ $142 Kf8 39. Kxd4) 38... Rad8+ {Black is clearly winning.} 39. Ke5 Rd1 40. Bxb4 axb4 41. Rb6 Rd2 42. Rxb4 Rxf2 43. Rb7+ Kg6 44. c5 Re8+ 45. Kd4 {Weighted Error Value: White=0.48/Black=0.06 (flawless)} 0-1

[Event "Romanian-ch Open 2022"]
[Site "Eforie Nord"]
[Date "2022.02.27"]
[Round "9.10"]
[White "Cosma, Ioan"]
[Black "Toma, Radu-Cristian"]
[Result "1/2-1/2"]
[WhiteElo "2396"]
[BlackElo "2388"]
[Annotator "TA"]
[PlyCount "33"]
[EventDate "2022.02.20"]
[EventType "swiss"]
[EventCountry "ROU"]
[SourceTitle "playchess.com"]
[Source "ChessBase"]
[SourceQuality "1"]

{[%evp 9,33,16,3,0,-6,-6,3,-14,-8,-14,-18,-24,-13,-15,-13,-25,-16,-15,-26,-28,-12,-21,-12,-25,-28,-18]} 1. d4 Nf6 2. Nf3 e6 3. g3 b5 4. Bg2 d5 5. O-O Be7 6. Bg5 {A46: 1 d4 Nf6 2 Nf3 e6: Torre, London and Colle Systems.} O-O 7. Ne5 h6 8. Bxf6 {The position is equal.} Bxf6 {[#]} 9. f4 $146 ({Predecessor:} 9. Ng4 Be7 10. e4 Bb7 11. exd5 Bxd5 12. Bxd5 Qxd5 13. Nc3 Qb7 14. Qd3 b4 15. Ne2 {0-1 (43) Ponfilenok,V (2435)-Askarov,M (2522) Kazan 2008}) 9... c5 10. e3 Qb6 11. c3 b4 12. Nd2 {[%cal Od2c4]} Nd7 (12... Ba6 {with more complications.} 13. Re1 Bxe5 14. dxe5 c4 15. Nf3 Nd7) 13. Rf2 bxc3 14. bxc3 cxd4 15. cxd4 Nxe5 16. fxe5 Bg5 17. Qe1 {A rather calm draw.  Weighted Error Value: White=0.05 (flawless) /Black=0.03 (flawless)} 1/2-1/2

[Event "Romanian-ch Open 2022"]
[Site "Eforie Nord"]
[Date "2022.02.27"]
[Round "9.11"]
[White "Nastore, Pavel-Alexandru"]
[Black "Badea, Bela"]
[Result "1-0"]
[WhiteElo "2306"]
[BlackElo "2413"]
[Annotator "TA"]
[PlyCount "85"]
[EventDate "2022.02.20"]
[EventType "swiss"]
[EventCountry "ROU"]
[SourceTitle "playchess.com"]
[Source "ChessBase"]
[SourceQuality "1"]

{[%evp 9,85,-14,3,-24,-29,-33,-35,-55,-51,-37,7,10,55,45,249,250,252,250,246,250,435,325,632,614,657,588,601,584,615,599,606,615,612,611,1036,1039,966,874,900,889,994,912,1633,1587,1636,1615,29977,1416,29990,29989,29988,2091,1996,1982,1629,2588,2410,2276,2292,2636,2237,2379,2070,1777,2134,1475,5414,5410,4244,2098,2141,2256,1835,1904,1513,1440,1206,1123]} 1. e4 d6 2. d4 Nf6 3. Nc3 e5 4. Nf3 Nbd7 5. g4 Nxg4 6. Rg1 {C41: Philidor Defence.} (6. Bg5 $5 {[%cal Rg5d8]} Ngf6 7. Qd3 $11) 6... Ngf6 7. Be3 c6 8. Qd3 {Black is slightly better.} b5 9. O-O-O Qa5 (9... Qc7 $15) 10. dxe5 $11 dxe5 (10... Nxe5 $11 {deserves consideration.} 11. Nxe5 dxe5) 11. Rg5 $1 $14 {[#]} h6 $146 {This costs Black the game.} (11... Qc7 $14) ({Predecessor:} 11... b4 12. Nxe5 bxc3 13. Nxd7 cxb2+ 14. Kb1 Qc7 15. Re5+ Be7 16. Bc5 Ng8 17. Bh3 Qxe5 18. Nxe5 Bxh3 19. Qxh3 Nf6 20. Bxe7 Kxe7 21. Nxc6+ Kf8 22. Qa3+ {1-0 (22) Wan Kenobi,T (2365)-Hungaski,R (2467) Chess.com INT 2015}) 12. Rxe5+ $18 Nxe5 13. Nxe5 Qc7 14. Nxc6 $40 {[%mdl 128] Qd8+ would kill now. White attacks with force.} Bd7 $2 (14... Bg4) 15. Nxa7 {Pair of Knights!} b4 (15... Be7 16. Naxb5 Qb8) 16. Ncb5 Qb8 17. Qc4 Be7 18. Nc7+ Kf8 19. Nxa8 Qxa8 20. e5 Be6 21. Qb5 ({Weaker is} 21. exf6 Bxc4 22. fxe7+ Kxe7 23. Bc5+ (23. Bxc4 Rd8 $16) 23... Kf6 24. Bd4+ (24. Bxc4 Rd8 $16) 24... Kf5 25. Bxc4 Rd8 $18) 21... Ne8 22. Nc6 b3 23. a4 bxc2 24. Rd2 Nc7 25. Qb6 Nd5 {[#]} 26. Rxd5 $1 {[%mdl 512]} Bxd5 (26... g5 27. Ra5) 27. Nxe7 Be4 {[#]} 28. Qb4 (28. Bb5 $142 $1 Bb7 (28... Bd5 29. Nxd5) 29. Kxc2 $1 Bg2 30. Qd6 g5 31. Ng6+ Kg8 32. Nxh8 Be4+ 33. Kc3) 28... Bh7 {[#]} 29. Bg2 $1 {[%mdl 512]} Qe8 {[#]} (29... Qd8 30. Nc6+) 30. Nc6+ (30. Qd6 $142 $1 Bf5 {[#]} 31. Bc6 $1 Qxc6 32. Nxc6+ Kg8 33. Ne7+ Kh7 34. Nxf5 Re8 35. Nxg7 $1 {[%mdl 512]}) 30... Kg8 {White is clearly winning.} 31. Qd6 Bg6 32. Ne7+ Kh7 33. Nxg6 fxg6 34. Be4 {Black must now prevent a5.} Qf7 35. e6 Qf6 36. Bd4 Qg5+ 37. Kxc2 {Threatening mate with Qd7.} Rc8+ 38. Bc3 {White threatens Qd7 and mate.} Qf6 39. Qb6 Qe5 40. Qb7 Rc7 41. Qd5 Qxh2 42. Qd4 Qh5 43. Bd3 {Weighted Error Value: White=0.12 (very precise) /Black=1.18} 1-0

[Event "Romanian-ch Open 2022"]
[Site "Eforie Nord"]
[Date "2022.02.27"]
[Round "9.12"]
[White "Sachilaru, Alexandru"]
[Black "Filip, Lucian-Ioan"]
[Result "1/2-1/2"]
[WhiteElo "2085"]
[BlackElo "2391"]
[Annotator "TA"]
[PlyCount "37"]
[EventDate "2022.02.20"]
[EventType "swiss"]
[EventCountry "ROU"]
[SourceTitle "playchess.com"]
[Source "ChessBase"]
[SourceQuality "1"]

{[%evp 13,37,11,39,-4,8,-12,0,-19,-11,-41,-46,-56,0,-35,4,-16,-18,-17,-33,-24,0,0,0,-19,-25,-21]} 1. d4 d5 2. c4 dxc4 3. e3 Nf6 4. Bxc4 e6 5. Nf3 c5 6. O-O a6 7. dxc5 Bxc5 8. Qc2 {D27: Queen's Gambit Accepted: Classical main line: 7 e4!? and 7 a4.} (8. Qxd8+ $14 Kxd8 9. Rd1+ Ke7 10. Be2) 8... Nbd7 $11 9. a4 {Inhibits b5.} b6 10. Nc3 {The position is equal.} Bb7 11. Qe2 Qc7 12. e4 Ng4 {[#] Prevents e5.} (12... O-O $15) 13. Bd3 $146 ({Predecessor:} 13. h3 h5 14. Ba2 Qg3 15. Nd1 Nde5 16. Kh1 Bxf2 17. Rxf2 Rd8 18. Be3 Bxe4 19. Kg1 Nxf3+ 20. Rxf3 Bxf3 {0-1 (21) Nakamura,H (2571)-Stripunsky,A (2553) New York 2004}) 13... h5 14. Bg5 Nde5 {[#] ( -> ...Nxf3+)} 15. Bf4 Nxf3+ 16. Qxf3 Bd6 (16... Qe7 $5 {[%cal Rg7g5]}) 17. Bxd6 Qxd6 {[%csl Gg4][%cal Rd6h2]} 18. Qg3 Qxg3 19. hxg3 {Weighted Error Value: White=0.20 (precise) /Black=0.15 (very precise)} 1/2-1/2

[Event "Romanian-ch Open 2022"]
[Site "Eforie Nord"]
[Date "2022.02.27"]
[Round "9.13"]
[White "Radu, David Cr."]
[Black "Bonte, Andrei-Mihai"]
[Result "0-1"]
[WhiteElo "1960"]
[BlackElo "2349"]
[Annotator "TA"]
[PlyCount "62"]
[EventDate "2022.02.20"]
[EventType "swiss"]
[EventCountry "ROU"]
[SourceTitle "playchess.com"]
[Source "ChessBase"]
[SourceQuality "1"]

{[%evp 14,62,41,40,38,27,43,24,41,22,65,35,60,0,0,-54,0,-125,-138,-145,-127,-133,-148,-126,-178,-160,-160,-158,-160,-243,-241,-257,-250,-257,-237,-257,-165,-234,-216,-204,-198,-307,-301,-304,-295,-304,-302,-303,-300,-279,-261]} 1. e4 d5 2. exd5 Nf6 3. Nf3 Nxd5 4. d4 Bg4 5. Be2 e6 6. O-O Be7 7. c4 Nb6 8. Be3 O-O {B01: Scandinavian Defence.} 9. Nbd2 Nc6 {[%cal Bb8c6,Bc6a5,Ba5b3][%mdl 32]} 10. a3 a5 {White has an edge.} 11. Qc2 {[#]} a4 $146 (11... Bf5 $11 {deserves consideration.} 12. Bd3 Nxd4 13. Nxd4 (13. Bxd4 Bxd3 14. Qxd3 c5 $15) 13... Bxd3 14. Qxd3 e5) ({Predecessor:} 11... Kh8 12. Bd3 f5 13. Bf4 Bf6 14. Rfe1 Qd7 15. h3 Bxf3 16. Nxf3 Nxd4 17. Nxd4 Bxd4 {0-1 (34) Iglesias Leon,F (2245)-Rodriguez Vargas,O (2425) Benasque 1997}) 12. Rfd1 Na5 13. d5 ({Better is} 13. Bd3 $14) 13... exd5 $11 14. Bd3 (14. Bxb6 $11 cxb6 15. cxd5) 14... g6 (14... Nb3 $15 15. Nxb3 (15. Bxh7+ Kh8 $17) 15... axb3 16. Qxb3 (16. Bxh7+ $2 Kh8 $19) 16... Bxf3 17. gxf3 Nxc4) 15. c5 (15. cxd5 $1 $11 {remains equal.} Qd7 16. d6 Qxd6 17. Be4) 15... Nd7 $17 16. Bb5 Nb3 17. Nxb3 {[#] And now Nbd4 would win.} Bxf3 18. gxf3 axb3 19. Qc3 c6 20. Bf1 Ra5 {[%cal Rd7c5]} 21. Qxb3 (21. Bh6 $17 Bf6 22. Qxb3) 21... Nxc5 $19 22. Qc2 {[#] Hoping for b4.} Ne6 23. b4 Ra8 24. b5 c5 {...Bd6 is the strong threat.} 25. Bc4 (25. f4 $142) 25... Nd4 26. Bxd4 cxd4 27. Rxd4 (27. Bf1 {was necessary.}) 27... Rc8 {Black has a decisive advantage.} 28. Rad1 Qc7 ({Inferior is} 28... Bxa3 29. Rxd5 Qf6 30. Kg2 $15) 29. Qe2 Bf6 ({Don't go for} 29... dxc4 $2 30. Rd7 Qf4 31. Qxe7) ({Worse is} 29... Bxa3 30. Bxd5 Bc5 31. Re4 $15) 30. Bxd5 Bxd4 31. Rxd4 Qc1+ {White did not feel at home in the position after the opening.  Weighted Error Value: White=0.30/Black=0.13 (very precise)} 0-1

[Event "Romanian-ch Open 2022"]
[Site "Eforie Nord"]
[Date "2022.02.27"]
[Round "9.14"]
[White "Coca, Cristi-Iulian"]
[Black "Stepanencu, Nicodim-Cosmin"]
[Result "0-1"]
[WhiteElo "2147"]
[BlackElo "2334"]
[Annotator "TA"]
[PlyCount "74"]
[EventDate "2022.02.20"]
[EventType "swiss"]
[EventCountry "ROU"]
[SourceTitle "playchess.com"]
[Source "ChessBase"]
[SourceQuality "1"]

{[%evp 17,74,-32,-18,-27,-13,-39,-43,-51,-54,-52,-47,-53,-7,0,0,-38,-7,-55,0,0,-8,-14,-23,-42,-13,-22,0,-7,0,0,0,-6,-5,-5,-8,-16,-10,-16,0,-85,-76,-159,-206,-200,-213,-346,-356,-406,-291,-305,-286,-396,-396,-389,-351,-454,-435,-791,-773]} 1. e4 c5 2. Nf3 d6 3. c3 Nf6 4. Be2 g6 5. O-O Bg7 6. Re1 O-O 7. Bf1 Nc6 8. h3 e5 9. d3 d5 10. Nbd2 {B50: Sicilian: 2...d6, Miscellaneous.} Re8 11. a4 {[%cal Oa4a5]} b6 {[#]} 12. Rb1 $146 {Black is slightly better.} ({Predecessor:} 12. Qc2 h6 13. Kh2 Be6 14. g3 Qd7 15. Bg2 Rad8 16. Nf1 dxe4 17. dxe4 Bc4 18. N3d2 {½-½ (35) Ghysels,M (2014)-Van Baar,E (2253) Geraardsbergen 2021}) 12... Bb7 {[%cal Bc8b7,Bb7c6,Bc6d5][%mdl 32]} 13. b4 cxb4 14. cxb4 a5 (14... Rc8 $1 $15) 15. bxa5 $11 Nxa5 16. Ba3 Bc6 17. Qc2 {[#]} (17. exd5 $11 Nxd5 18. Bb2) 17... Rc8 (17... Bxa4 $1 $15 {is superior.} 18. Qa2 (18. Qxa4 Nc4 $15) 18... Bc6) 18. Qb2 {[%csl LRb6,LRe5]} Nd7 19. exd5 Bxd5 20. Ne4 Nb7 21. Nfd2 f5 22. Qb5 Bc6 23. Qb3+ Kh8 24. Nd6 Nxd6 25. Bxd6 Ra8 26. Rec1 Bxa4 27. Qb4 Qf6 28. Nc4 (28. Rc7 $11 {keeps the balance.}) 28... Re6 $36 {[%mdl 2048] White must now prevent ...b5. Black is on the roll.} 29. Bc7 (29. d4 $142 exd4 30. Re1) 29... Bf8 $1 {[%cal Bg7f8,Bf8c5,Bc5d4][%mdl 32]} 30. Qb2 {[%cal Od3d4] [#]} Bc5 {Prevents d4.} 31. Re1 (31. Ne3 {was called for.}) 31... Bd4 $19 32. Qb4 b5 33. Ne3 {[#]} Rc6 34. Rbc1 Bc5 35. Qb2 Qe6 {Inhibits Nd5.} 36. Bxe5+ Qxe5 37. d4 {[#]} (37. Qxe5+ $142 Nxe5 38. Rxc5 Nf3+ 39. gxf3 Rxc5 40. d4) 37... Bxd4 $1 {Weighted Error Value: White=0.41/Black=0.15 (very precise)} 0-1

[Event "Romanian-ch Open 2022"]
[Site "Eforie Nord"]
[Date "2022.02.27"]
[Round "9.15"]
[White "Vilcu, Matei-Stefan"]
[Black "Dobre, Claudiu-Cristian"]
[Result "1-0"]
[WhiteElo "2112"]
[BlackElo "2298"]
[Annotator "TA"]
[PlyCount "113"]
[EventDate "2022.02.20"]
[EventType "swiss"]
[EventCountry "ROU"]
[SourceTitle "playchess.com"]
[Source "ChessBase"]
[SourceQuality "1"]

{[%evp 10,113,49,48,62,40,46,15,27,32,30,11,17,8,26,19,12,0,18,16,20,8,18,17,24,31,35,36,52,35,37,33,34,36,36,0,2,4,2,0,5,0,6,0,37,34,54,47,178,150,239,124,254,33,41,23,20,21,37,12,26,8,19,14,60,40,97,30,88,89,129,114,504,504,493,464,497,444,480,480,447,397,383,380,628,583,1625,371,29973,29972,29975,29976,29976,29977,29977,29978,29978,29979,29979,29980,29979,29980,29980,29981,29981,29981]} 1. e4 c5 2. Nf3 Nf6 3. e5 Nd5 4. Nc3 Nxc3 5. dxc3 Nc6 6. Bf4 Qb6 {B29: Sicilian: 2 Nf3 Nf6 (Nimzowitsch Variation).} 7. Rb1 {White is more active.} Qc7 8. Qd2 {[%cal Oe5e6] Hoping for e6!} e6 {The position is equal.} 9. h4 b6 10. Bd3 Bb7 11. Be4 h6 12. h5 O-O-O 13. Rd1 Ne7 {[#]} 14. Qe2 $146 ({Predecessor:} 14. Bxb7+ Qxb7 15. Qe2 Rg8 16. g4 g6 17. hxg6 Rxg6 18. Rg1 Nd5 19. Qe4 Be7 20. Bd2 {0-1 (45) Dobre,C (2300)-Deac,B (2643) Mamaia 2021}) 14... Bxe4 15. Qxe4 Qc6 16. Nd2 Qxe4+ 17. Nxe4 {[#] Threatens to win with Nd6+.} Nc6 18. Rh3 d6 19. Nxd6+ Bxd6 20. exd6 Kd7 21. Rhd3 Rhe8 22. Bg3 e5 23. Bh4 f6 24. Rg3 $36 {[%mdl 2048] White is pushing.} Rg8 25. Rg6 Ke6 26. Rd3 c4 27. Rd2 ({Much weaker is} 27. Rdg3 Kf7 $15) 27... Na5 28. f4 e4 ({Better is} 28... exf4 $14 29. Re2+ Kf5) 29. Rd4 Kf7 (29... Nc6 $16) 30. d7 (30. Rxe4 Rxd6 31. Rg3 Rd5 $14) (30. f5 $18) 30... b5 (30... Nc6 $16) 31. Rxe4 $2 (31. g4 $18) 31... Rxd7 $14 32. Rg3 $1 Rgd8 33. Rge3 Nc6 34. Kf1 Rd1+ 35. Re1 (35. Be1 {looks sharper.} R8d7 36. b3 Ne7 37. Re2 R1d5 38. bxc4 bxc4 39. Rxc4 Rxh5 40. Rd2) 35... Rxe1+ 36. Rxe1 $11 {[%mdl 4096] Endgame KRB-KRN} Rd5 (36... Rd2 $11 {might be stronger.}) 37. g4 $14 Nd8 (37... Rd2 $14) 38. f5 ({White should try} 38. Bf2 $16) 38... Nc6 (38... Rd2 $11 {keeps the balance.}) 39. Bg3 $16 {Black is now going downhill.} Rd2 40. Re2 Rxe2 {[%mdl 8192]} (40... Rd1+ $16 {is tougher.} 41. Kf2 Rb1) 41. Kxe2 {KB-KN} Ne5 42. Ke3 Nxg4+ 43. Kd4 Ke7 44. b3 Kd7 45. Bf4 cxb3 46. cxb3 Kc6 $2 (46... Nf2 47. Bg3 Ng4) 47. Bg3 $18 {And now Ke4 would win.} a6 48. b4 $2 (48. Ke4 Kd7 49. Kf3) 48... Kb6 $2 (48... Kd7 $18 49. Kd3 Kd8) 49. Ke4 {White mates.} Kc6 {[#]} 50. Kf3 $1 Ne5+ 51. Bxe5 fxe5 {KP-KP} 52. Ke4 Kd6 53. a3 {[%cal Ba2a3,Ba3a4][%mdl 32]} Ke7 54. Kxe5 Kf7 55. c4 bxc4 56. Kd4 Kf6 57. a4 {Weighted Error Value: White=0.33/Black=0.51} 1-0

[Event "Romanian-ch Open 2022"]
[Site "Eforie Nord"]
[Date "2022.02.27"]
[Round "9.16"]
[White "Martian, Dragos-Daniel"]
[Black "Veress, Armand"]
[Result "1-0"]
[WhiteElo "2270"]
[BlackElo "2034"]
[Annotator "TA"]
[PlyCount "49"]
[EventDate "2022.02.20"]
[EventType "swiss"]
[EventCountry "ROU"]
[SourceTitle "playchess.com"]
[Source "ChessBase"]
[SourceQuality "1"]

{[%evp 10,49,22,10,20,27,18,-9,-8,-9,59,55,49,11,11,16,20,30,58,27,67,0,0,0,0,8,0,0,13,0,101,113,193,123,219,11,7,0,29996,29994,29994,1757]} 1. e4 c5 2. c3 d5 3. exd5 Qxd5 4. d4 Nc6 5. Nf3 Bf5 6. Be3 cxd4 {is now more promising than 6...Nf6. B22: Sicilian: 2 c3.} 7. Nxd4 Nf6 8. Qb3 Nxd4 {The position is equal.} 9. Bxd4 Bd7 (9... e5 $1 $11 10. Bb5+ Bd7 11. Bxd7+ Kxd7) 10. Nd2 $14 {Hoping for Bc4.} e6 {[#]} 11. Bc4 $146 ({Predecessor:} 11. Be2 Bc6 12. Bf3 Qxb3 13. Bxc6+ bxc6 14. axb3 c5 15. Bxf6 gxf6 16. Ke2 Rg8 17. g3 {1-0 (30) Pap,M (2432)-Secheres,A (2397) Alba Iulia 2019}) 11... Qxg2 12. O-O-O Qc6 13. Rhg1 {[%mdl 1024] White has compensation.} b5 14. Be2 {And now Bxf6 would win.} Rc8 15. Rg5 ({White should try} 15. Nf3 $1 $14 a6 16. Qc2) 15... a6 $1 $11 16. Kb1 Ne4 17. Nxe4 Qxe4+ 18. Bd3 $1 Qf4 (18... Qh4 $5 {[%cal Rh4g5]} 19. Rgg1 Qxh2 $11) 19. Rg3 f6 {[#]} (19... h5 $11 {keeps the balance.}) 20. Qc2 $1 $16 {White is more active.} Qh4 (20... Kf7 $16) 21. f4 (21. Be4 $18) 21... Kf7 (21... Qxf4 $16 22. Bxh7 Rxh7 23. Qg6+ (23. Qxh7 e5 $11) 23... Ke7 24. Qxh7 Qf5+ 25. Qxf5 exf5) 22. Bf2 $2 (22. Qe2 $18) 22... Qxf4 $11 23. Bxh7 Bc6 {[%mdl 8192] [#]} (23... Be8 $11 24. Rd4 (24. Be3 Qa4 $17) 24... Qe5) 24. Qg6+ Ke7 25. Bc5+ {Weighted Error Value: White=0.33/Black=0.65} 1-0